Políticos de la filosofía

محفوظ في:
التفاصيل البيبلوغرافية
المؤلف الرئيسي: Châtelet, François
التنسيق: كتاب
اللغة:Undetermined
منشور في: México, Distrito Federal Fondo de Cultura Económica 1982
الموضوعات:
الوسوم: إضافة وسم
لا توجد وسوم, كن أول من يضع وسما على هذه التسجيلة!

MARC

LEADER 00000nam a2200000Ia 4500
008 170316s9999 xx 000 0 und d
040 |a cru BVZT 
090 |a 100 CH-2p 
100 |a Châtelet, François 
245 |a Políticos de la filosofía 
260 |a México, Distrito Federal 
260 |b Fondo de Cultura Económica 
260 |c 1982 
300 |a 230 páginas 
650 |a FILOSOFÍA  |9 5 
999 |c 15982  |d 15982 
942 |c LIB  |h 100 CH-2p  |2 z